Your Idol (K-Pop Demon Hunters, Saja Boys) - lyrics - Statistics

General Stats
  • This quiz has been taken 354 times
  • The average score is 243 of 357
Answer Stats
Answer % Correct
I
100%
you
97%
You
97%
idol
95%
your
95%
Your
95%
be
94%
Be
94%
a
89%
I'll
88%
in
88%
me
88%
Keep
87%
on
87%
No
86%
I'm
84%
Keeping
84%
now
84%
Now
84%
now x9
84%
for
82%
the
82%
The
82%
can
80%
Can
80%
check
80%
obsessed
79%
one
78%
get
77%
only
77%
Play
77%
to
76%
head
75%
higher
75%
cause
74%
it
74%
little
74%
love
74%
mic
74%
sins
74%
skin
74%
desire
71%
voice
71%
choir
70%
my
70%
underneath
70%
all
69%
another
69%
here
69%
verse
69%
sanctuary
68%
soul
68%
than
68%
Feel
67%
heart
66%
Listen
66%
preachin'
66%
way
66%
hurts
65%
more
65%
More
65%
power
65%
rely
65%
will
65%
gets
64%
down
63%
gave
63%
gold
63%
Know
63%
know
63%
repeat
63%
right
63%
Yeah
63%
yeah
63%
when
62%
When
62%
away
61%
cant
60%
look
60%
give
59%
save
59%
star
59%
need
58%
pain
58%
Pray
58%
viral
57%
who'll
57%
Dont
56%
got
56%
going
55%
and
54%
burns
53%
Anytime
52%
Ima
51%
we
51%
you're
51%
You're
51%
Thank
50%
Gimme
49%
believer
47%
let
47%
running
47%
inside
46%
of
46%
wild
46%
knees
45%
makin'
45%
mine
45%
Too
45%
is
43%
late
43%
mind
42%
fever
40%
shame
40%
coming
37%
make
37%
Living
36%
part
36%
show
36%
attention
35%
connection
35%
fire
35%
Uh
35%
uh
35%
set
33%
sight
33%
free
32%
world
32%
our
31%
obsession
30%
fame
29%
feeds
29%
Watch
27%
outta
26%
(hey)
10%
bichi
9%
anneun
7%
kkeuteopsi
7%
Nae
7%
aidol
6%
chwihae
6%
naneun
6%
sungan
6%
hwangholui
5%
jonjaehaneun
5%
Nareul
5%
natji
5%
neon
5%
oechyeo
5%
gyesok
4%
wae
3%
No matching quizzes found
Score Distribution
Percent of People with Each Score
Percentile by Number Answered
Your Score History
You have not taken this quiz